000 00587nam a22001817a 4500
005 20251108164748.0
008 250721s1995 xx 000 0 ara d
082 1 4 _a615.89/ارن
100 1 _aأرناؤوط، محمد السيد
245 1 0 _aالحيوية و الشباب في العلاج بالأعشاب /
264 1 _aالقاهره :
_bدار الآفاق العلمية،
_c1995.
300 _a255ص
490 0 _aسلسلة كتاب الصحة ؛ 1
650 1 7 _aالطب الشعبي
650 1 7 _aالنباتات الطبية
942 _2ddc
_cBK
999 _c13741
_d13741